Statistics for Blackadder Episodes

Click here to take the quiz!

General Stats

  • This quiz has been taken 76 times
  • The average score is 13 of 24

Answer Stats

SeriesEpisode #Episode Title% Correct
1x02Head
84%
1x03Potato
84%
1x04Money
80%
1x05Beer
76%
Blackadder II1x01Bells
71%
1x05General Hospital
69%
1x06Goodbyeee
69%
1x02Corporal Punishment
67%
Blackadder Goes Forth1x01Captain Cook
64%
1x03Major Star
64%
1x06Chains
62%
1x02Ink and Incapability
62%
1x04Private Plane
58%
1x05Amy and Amiability
51%
Blackadder1x01The Foretelling
49%
1x03Nob and Nobility
47%
1x04Sense and Senility
42%
Blackadder the Third1x01Dish and Dishonesty
38%
1x04The Queen of Spain's Beard
36%
1x06The Black Seal
31%
1x05Witchsmeller Pursuivant
29%
1x03The Archbishop
27%
1x06Duel and Duality
22%
1x02Born to Be King
11%

Score Distribution

Percentile by Number Answered

Percent of People with Each Score

Your Score History

You have not taken this quiz